ბათუმის შოთა რუსთაველის სახელმწიფო უნივერსიტეტის ბიბლიოთეკა

მასალები აჭარის ყოფისა და კულტურის შესწავლისათვის : (ბიბ.ჩანაწერი № 59929)

000 -ლიდერი
ფიქსირებული სიგრძის საკონტროლო ველი 02102nam a22002777a 4500
003 - საკონტროლო ნომრის იდენტიფიკატორი
საკონტროლო ველი Ge_BSU
005 - ბოლო ოპერაციის თარიღი და დრო
საკონტროლო ველი 20230517170921.0
008 - ფიქსირებული სიგრძის მონაცემთა ელემენტები - ზოგადი ინფორმაცია
ფიქსირებული სიგრძის საკონტროლო ველი 230517s2001 ge ||||| |||| 00| 0 geo d
020 ## - წიგნის საერთაშორისო სტანდარტული ნომერი
International Standard Book Number 9789941488467
041 ## - ენის კოდი
Language code of text/sound track or separate title geo
080 ## - უნივერსალური ათობითი კლასიფიკაციის ინდექსი
Universal Decimal Classification number 392(=353.1)(479.223) მ-36
245 ## - ცნობა სათაურის შესახებ
Title მასალები აჭარის ყოფისა და კულტურის შესწავლისათვის :
Remainder of title ტომი 2. მევენახეობა-მეღვინეობა- მეხილეობა /
Statement of responsibility, etc რედაქტორები : როინ მალაყმაძე, ნოდარ კახიძე, ნაილა ჩელებაძე, ჯემალ ვარშალომიძე და სხვ.; ბათუმის შოთა რუსთაველის სახელმწიფო უნივერსიტეტი. ნიკო ბერძენიშვილის ინსტიტუტი.
264 ## - წარმოების, გამოცემის, დისტრიბუციის და სხვა ცნობები
გამოცემის, წარმოების, დისტრიბუციის... ადგილი ბათუმი :
გამოცემის, წარმოების, დისტრიბუციის... სახელწოდება ბსუ,
გამოცემის, წარმოების, დისტრიბუციის... თარიღი 2021.
300 ## - ფიზიკური აღწერა
Extent 159 გვ. :
Other physical details სურ. ;
Dimensions 24 სმ.
500 ## - ზოგადი შენიშვნა
General note პარალ. სათ. ინგლ. და რუს ენ.
653 ## - INDEX TERM--UNCONTROLLED
Uncontrolled term აჭარის ყოფა და კულტურა
653 ## - INDEX TERM--UNCONTROLLED
Uncontrolled term მევენახეობა აჭარაში
653 ## - INDEX TERM--UNCONTROLLED
Uncontrolled term მეღვინეობა აჭარაში
653 ## - INDEX TERM--UNCONTROLLED
Uncontrolled term მეხილეობა აჭარაში
700 ## - ADDED ENTRY--PERSONAL NAME
Personal name მალაყმაძე, როინ
Relator term რედაქტორი
9 (RLIN) 18101
700 ## - ADDED ENTRY--PERSONAL NAME
Personal name კახიძე, ნოდარ
Relator term რედაქტორი
9 (RLIN) 18102
700 ## - ADDED ENTRY--PERSONAL NAME
Personal name ჩელებაძე, ნაილა
Relator term რედაქტორი
9 (RLIN) 18103
700 ## - ADDED ENTRY--PERSONAL NAME
Personal name ვარშალომიძე, ჯემალ და სხვ.
Relator term რედაქტორი
9 (RLIN) 18104
710 ## - ADDED ENTRY--CORPORATE NAME
Corporate name or jurisdiction name as entry element ბათუმის შოთა რუსთაველის სახელმწიფო უნივერსიტეტი
Subordinate unit ნიკო ბერძენიშვილის ინსტიტუტი
9 (RLIN) 18105
942 ## - ADDED ENTRY ELEMENTS (KOHA)
Source of classification or shelving scheme
Koha item type წიგნი
ეგზემპლარები
ჩამოწერის სტატუსი დაკარგული ეგზემპლარის სტატუსი კლასიფიკაციის წყარო ან თაროზე გაწყობის სქემა დაზიანების სტატუსი არ გაიცემა მუდმივი მდებარეობა (დაცვის ადგილი) ამჟამინდელი ადგილსამყოფელი თაროზე განთავსების ადგილი შეძენის თარიღი ღირებულება, შესყიდვის ნორმალური ფასი სრული შენახვის შიფრი შტრიხკოდი ბოლო ოპერაციის თარიღი ეგზემპლარის მიმდევრობითი ნომერი (კეტერი?) ფასის ძალაში შესვლის თარიღი ეგზემპლარის სახეობა საჯარო შენიშვნა
          ბათუმის შოთა რუსთაველის სახელმწიფო უნივერსიტეტის მთავარი ბიბლიოთეკა ბათუმის შოთა რუსთაველის სახელმწიფო უნივერსიტეტის მთავარი ბიბლიოთეკა წიგნსაცავი 2023-05-17 9.07 392(=353.1)(479.223) მ-36 29459 2023-05-17 29459 2023-05-17 წიგნი 9 ლ. 07 თ.
          ბათუმის შოთა რუსთაველის სახელმწიფო უნივერსიტეტის მთავარი ბიბლიოთეკა ბათუმის შოთა რუსთაველის სახელმწიფო უნივერსიტეტის მთავარი ბიბლიოთეკა წიგნსაცავი 2023-05-17 9.07 392(=353.1)(479.223) მ-36 29460 2023-05-17 29460 2023-05-17 წიგნი 9 ლ. 07 თ.
          ბათუმის შოთა რუსთაველის სახელმწიფო უნივერსიტეტის მთავარი ბიბლიოთეკა ბათუმის შოთა რუსთაველის სახელმწიფო უნივერსიტეტის მთავარი ბიბლიოთეკა წიგნსაცავი 2023-05-17 9.07 392(=353.1)(479.223) მ-36 29461 2023-05-17 29461 2023-05-17 წიგნი 9 ლ. 07 თ.
          ბათუმის შოთა რუსთაველის სახელმწიფო უნივერსიტეტის მთავარი ბიბლიოთეკა ბათუმის შოთა რუსთაველის სახელმწიფო უნივერსიტეტის მთავარი ბიბლიოთეკა წიგნსაცავი 2023-05-17 9.07 392(=353.1)(479.223) მ-36 29462 2023-05-17 29462 2023-05-17 წიგნი 9 ლ. 07 თ.
          ბათუმის შოთა რუსთაველის სახელმწიფო უნივერსიტეტის მთავარი ბიბლიოთეკა ბათუმის შოთა რუსთაველის სახელმწიფო უნივერსიტეტის მთავარი ბიბლიოთეკა წიგნსაცავი 2023-05-17 9.07 392(=353.1)(479.223) მ-36 29463 2023-05-17 29463 2023-05-17 წიგნი 9 ლ. 07 თ.